| 000 | 00485nam a2200133Ia 4500 | ||
|---|---|---|---|
| 008 | 160809s9999 xx 000 0 und d | ||
| 100 | _aPerloff, Richard M. | ||
| 245 | 3 | _aAn Integrative Terror Management Theory Perspective on Media Effects: A Model and 12 Hypotheses for Research | |
| 245 | _cRichard M. Perloff. | ||
| 260 | _bStudies in Media and Communication | ||
| 260 | _cJune 2016 | ||
| 650 | _xCOMMUNICATION | ||
| 856 | _uhttp://redfame.com/journal/index.php/smc/issue/view/60 | ||
| 999 |
_c299984 _d299984 |
||